| Tag |
First Indicator |
Second Indicator |
Subfields |
| LEADER |
00000cam a2200000 i 4500 |
| 001 |
in00000520331 |
| 005 |
20230822114603.0 |
| 008 |
770811s1976 waua b 000 0 eng |
| 016 |
7 |
|
|a 7706083
|2 DNLM
|
| 019 |
|
|
|a 2557031
|a 13930448
|a 14385836
|a 19459411
|a 220532846
|
| 029 |
0 |
|
|a NLM
|b 7706083
|
| 029 |
1 |
|
|a AU@
|b 000000844514
|
| 029 |
1 |
|
|a AU@
|b 000006835363
|
| 029 |
1 |
|
|a AU@
|b 000021845830
|
| 029 |
1 |
|
|a NZ1
|b 4886512
|
| 035 |
|
|
|a (OCoLC)ocm05271865
|
| 035 |
|
|
|a (OCoLC)5271865
|z (OCoLC)2557031
|z (OCoLC)13930448
|z (OCoLC)14385836
|z (OCoLC)19459411
|z (OCoLC)220532846
|
| 035 |
|
|
|a (OCoLC)ocm05271865
|
| 040 |
|
|
|a NLM
|b eng
|c NLM
|d COA
|d CGC
|d AU@
|d ORZ
|d OCLCF
|d OCLCQ
|d OCLCO
|d OCLCQ
|d NLM
|d OCLCO
|d OCLCA
|d UMK
|d OCLCO
|d OCL
|d OCLCO
|d OCL
|
| 050 |
|
4 |
|a GV445
|b .P52
|
| 060 |
0 |
0 |
|a QT 255
|b G466p 1976
|
| 082 |
0 |
4 |
|a 796.019/6
|
| 100 |
1 |
|
|a Gilbertson, Kristina.
|
| 245 |
1 |
0 |
|a Physical education, recreation and sports for individuals with hearing impairments /
|c [prepared by Kristina Gilbertson].
|
| 260 |
|
|
|a Washington :
|b Prepared and distributed by Physical Education and Recreation for the Handicapped, Information and Research Utilization Center,
|c 1976.
|
| 300 |
|
|
|a vi, 122 pages :
|b illustrations
|
| 336 |
|
|
|a text
|b txt
|2 rdacontent
|
| 337 |
|
|
|a unmediated
|b n
|2 rdamedia
|
| 338 |
|
|
|a volume
|b nc
|2 rdacarrier
|
| 500 |
|
|
|a Sponsored by American Alliance for Health, Physical Education and Recreation; a project of the Bureau of Education for the Handicapped, Division of Innovation, and Development, U.S. Office of Education, Dept. of Health, Education and Welfare.
|
| 504 |
|
|
|a Includes bibliographical references.
|
| 650 |
|
0 |
|a Physical education for people with disabilities.
|
| 650 |
|
0 |
|a Deaf
|x Rehabilitation.
|
| 650 |
|
0 |
|a Physical education for people with disabilities
|v Bibliography.
|
| 650 |
|
0 |
|a Deaf
|x Rehabilitation
|v Bibliography.
|
| 650 |
|
0 |
|a Recreation.
|
| 650 |
|
2 |
|a Correction of Hearing Impairment
|
| 650 |
|
2 |
|a Physical Education and Training
|
| 650 |
|
2 |
|a Recreation
|
| 650 |
|
6 |
|a Éducation physique pour personnes handicapées.
|
| 650 |
|
6 |
|a Personnes sourdes
|x Réadaptation.
|
| 650 |
|
6 |
|a Éducation physique pour personnes handicapées
|v Bibliographie.
|
| 650 |
|
6 |
|a Personnes sourdes
|x Réadaptation
|v Bibliographie.
|
| 650 |
|
6 |
|a Éducation physique.
|
| 650 |
|
6 |
|a Loisirs.
|
| 650 |
|
7 |
|a recreation.
|2 aat
|
| 650 |
|
7 |
|a Recreation.
|2 fast
|0 (OCoLC)fst01091713
|
| 650 |
|
7 |
|a Deaf
|x Rehabilitation.
|2 fast
|0 (OCoLC)fst00888511
|
| 650 |
|
7 |
|a Physical education for people with disabilities.
|2 fast
|0 (OCoLC)fst01062518
|
| 655 |
|
7 |
|a Abstracts.
|2 fast
|0 (OCoLC)fst01423683
|
| 655 |
|
2 |
|a Abstracts
|
| 655 |
|
2 |
|a Bibliography
|
| 655 |
|
7 |
|a bibliographies.
|2 aat
|
| 655 |
|
7 |
|a Bibliographies.
|2 fast
|0 (OCoLC)fst01919895
|
| 655 |
|
7 |
|a Bibliographies.
|2 lcgft
|
| 655 |
|
7 |
|a Abstracts.
|2 lcgft
|
| 655 |
|
7 |
|a Résumés analytiques.
|2 rvmgf
|
| 655 |
|
7 |
|a Bibliographies.
|2 rvmgf
|
| 710 |
2 |
|
|a Physical Education and Recreation for the Handicapped, Information and Research Utilization Center (Washington, D.C.)
|
| 710 |
2 |
|
|a American Alliance for Health, Physical Education, and Recreation.
|
| 710 |
1 |
|
|a United States.
|b Bureau of Education for the Handicapped.
|b Division of Innovation and Development.
|
| 948 |
|
|
|h HELD BY TXA - 168 OTHER HOLDINGS
|
| 994 |
|
|
|a Z0
|b TXA
|
| 999 |
f |
f |
|s 570c63e7-cc66-3a01-a2f6-d1605325a93d
|i becd49f8-3f5a-37ea-9982-c4978980f1bf
|t 0
|
| 952 |
f |
f |
|p ric
|a Texas A&M University
|b Rellis Campus
|c Joint Library Facility
|s JLF
|d Remote Storage
|t 0
|e GV445 .I57 1976
|h Library of Congress classification
|i unmediated -- volume
|m A14808011159
|